[Event "Gibtelecom Festival 2010 - Masters"]
[Site "Gibraltar ENG"]
[Date "2010.02.03"]
[Round "9.73"]
[White "Haarr, Jon Kristian"]
[Black "Stanek, Stanislav"]
[Result "1/2-1/2"]
[WhiteElo "2157"]
[BlackElo "2007"]
[PlyCount "130"]
[EventDate "2010.01.26"]
[EventType "swiss"]
[EventRounds "10"]
[EventCountry "ENG"]
[Source "lmi"]
[SourceDate "2010.01.26"]

1. e4 e5 2. f4 exf4 3. Bc4 d6 4. d4 Nf6 5. Nc3 Be6 6. Be2 c6 7. Bxf4 Be7 8. Nf3
d5 9. e5 Nfd7 10. O-O Nf8 11. Bd3 Ng6 12. Be3 Nd7 13. Ne2 Ndf8 14. c3 Bg4 15.
Qc2 Ne6 16. h3 Bxf3 17. Rxf3 O-O 18. Raf1 Bg5 19. Bf2 Bh4 20. g3 Ng5 21. Rf5
Nxh3+ 22. Kg2 Nxf2 23. Kxf2 Bg5 24. Rh1 h6 25. Kg2 Rc8 26. e6 fxe6 27. Rxg5
Qxg5 28. Bxg6 Rf6 29. Bh7+ Kh8 30. Rf1 Rcf8 31. Rxf6 Rxf6 32. Bd3 h5 33. Qc1
Qg4 34. Qe3 h4 35. Ng1 Kg8 36. Be2 Qg6 37. Bd3 Qg4 38. Be2 Qxg3+ 39. Qxg3 hxg3
40. Nf3 Kf7 41. Kxg3 Ke7 42. Ne5 Kd6 43. Ng4 Rf8 44. Ne5 c5 45. Bd3 cxd4 46.
cxd4 Rf6 47. Be2 Rf5 48. Bf3 a5 49. Kf2 b6 50. Ke3 Rf8 51. Kd2 Rc8 52. Bg4 Rc7
53. Bh3 g5 54. Bg4 Rh7 55. Be2 Rh4 56. Kc3 Rh3+ 57. Kc2 Rh4 58. Kd3 Rh3+ 59.
Kd2 Ke7 60. Bg4 Rh2+ 61. Be2 Rh3 62. Nc6+ Kd6 63. Ne5 Ke7 64. Bg4 Rh2+ 65. Be2
Rh3 1/2-1/2

[Event "Gibtelecom Festival 2010 - Masters"]
[Site "Gibraltar ENG"]
[Date "2010.02.03"]
[Round "9.75"]
[White "Popa-Matei, Viorel-Ovidiu"]
[Black "Carame Gonzalez, Francisco"]
[Result "0-1"]
[WhiteElo "2137"]
[BlackElo "1977"]
[PlyCount "108"]
[EventDate "2010.01.26"]
[EventType "swiss"]
[EventRounds "10"]
[EventCountry "ENG"]
[Source "lmi"]
[SourceDate "2010.01.26"]

1. e4 e6 2. d4 d5 3. Nd2 c5 4. c3 cxd4 5. cxd4 Nc6 6. Ngf3 dxe4 7. Nxe4 Be7 8.
Bc4 Nf6 9. Nc3 O-O 10. O-O a6 11. a3 Qc7 12. Qe2 b5 13. Bd3 Rd8 14. Be3 Bb7 15.
Rac1 Rac8 16. h3 Qb8 17. b4 h6 18. Rfd1 Bf8 19. Bb1 Ne7 20. Ne5 Qa8 21. Ng4
Nxg4 22. Qxg4 Kh8 23. d5 Nxd5 24. Bd4 Nxc3 25. Rxc3 Rxc3 26. Bxc3 Rxd1+ 27.
Qxd1 Bxg2 28. Qd3 f5 29. Qe3 Qd5 30. Qxh6+ Kg8 31. Qe3 Bf3 32. Bd3 f4 33. Qd4
Qg5+ 34. Kf1 Qg2+ 35. Ke1 Qg1+ 36. Bf1 Bd5 37. f3 Qg3+ 38. Qf2 Qg6 39. Kd2 Qb1
40. Bd3 Qa2+ 41. Bc2 Bb3 42. Kd3 Be7 43. Qd2 Bxc2+ 44. Qxc2 Qc4+ 45. Kd2 Bf6
46. Bxf6 Qxc2+ 47. Kxc2 gxf6 48. Kd3 Kf7 49. Ke4 e5 50. Kf5 Kg7 51. Kg4 Kg6 52.
Kh4 f5 53. a4 bxa4 54. b5 a3 0-1

[Event "Gibtelecom Festival 2010 - Masters"]
[Site "Gibraltar ENG"]
[Date "2010.02.03"]
[Round "9.76"]
[White "Vinas Guerrero, Carlos A"]
[Black "Marder, Simon"]
[Result "1-0"]
[WhiteElo "2120"]
[BlackElo "1993"]
[PlyCount "85"]
[EventDate "2010.01.26"]
[EventType "swiss"]
[EventRounds "10"]
[EventCountry "ENG"]
[Source "lmi"]
[SourceDate "2010.01.26"]

1. e4 Nc6 2. Nf3 Nf6 3. e5 Ng4 4. d4 d6 5. h3 Nh6 6. exd6 Qxd6 7. Nc3 a6 8. g4
f5 9. g5 Nf7 10. Bg2 e5 11. dxe5 Qxd1+ 12. Nxd1 Ncxe5 13. O-O Bd6 14. Nxe5 Bxe5
15. f4 Bd4+ 16. Be3 Bxe3+ 17. Nxe3 O-O 18. Nd5 Bd7 19. Rf2 c6 20. Nb6 Rad8 21.
Re2 Rfe8 22. Rae1 Rxe2 23. Rxe2 Kf8 24. Kf2 Nd6 25. Na4 Be8 26. Bf3 Bf7 27. b3
Bd5 28. Bxd5 cxd5 29. Re5 g6 30. Ke3 Ne4 31. Kd4 Rc8 32. c3 Nf2 33. Rxd5 Nxh3
34. Rd7 Nxf4 35. Rxh7 Re8 36. Nc5 Ne6+ 37. Nxe6+ Rxe6 38. Rxb7 Re4+ 39. Kd5 Rg4
40. Ke5 Rg3 41. Kf6 Ke8 42. Kxg6 Rxc3 43. Kxf5 1-0

[Event "Gibtelecom Festival 2010 - Masters"]
[Site "Gibraltar ENG"]
[Date "2010.02.03"]
[Round "9.79"]
[White "Nuri, Kambez"]
[Black "Mikalsen, Erlend"]
[Result "1-0"]
[WhiteElo "2235"]
[BlackElo "1973"]
[PlyCount "57"]
[EventDate "2010.01.26"]
[EventType "swiss"]
[EventRounds "10"]
[EventCountry "ENG"]
[Source "lmi"]
[SourceDate "2010.01.26"]

1. e4 c5 2. Nf3 d6 3. d4 cxd4 4. Nxd4 Nf6 5. Nc3 g6 6. Be3 Bg7 7. f3 O-O 8. Bc4
Nc6 9. Qd2 Bd7 10. O-O-O Rc8 11. Bb3 Ne5 12. Kb1 Nc4 13. Bxc4 Rxc4 14. g4 b5
15. h4 h5 16. gxh5 Nxh5 17. Rhg1 Kh7 18. Nce2 Qc7 19. Ng3 Nxg3 20. Rxg3 Rc8 21.
h5 g5 22. Rc1 f6 23. h6 Bf8 24. e5 dxe5 25. Qd3+ f5 26. Rxg5 exd4 27. Rxf5 Bxf5
28. Qxf5+ Kg8 29. Rg1+ 1-0

[Event "Gibtelecom Festival 2010 - Masters"]
[Site "Gibraltar ENG"]
[Date "2010.02.03"]
[Round "9.81"]
[White "Skage, Oystein Aagedal"]
[Black "Daoudi, Kamal"]
[Result "1-0"]
[WhiteElo "1935"]
[BlackElo "2155"]
[PlyCount "81"]
[EventDate "2010.01.26"]
[EventType "swiss"]
[EventRounds "10"]
[EventCountry "ENG"]
[Source "lmi"]
[SourceDate "2010.01.26"]

1. e4 e5 2. Nf3 Nc6 3. Bb5 a6 4. Ba4 Nf6 5. O-O Nxe4 6. d4 b5 7. Bb3 d5 8. dxe5
Be6 9. Nbd2 Nc5 10. c3 d4 11. Ng5 Qxg5 12. Qf3 O-O-O 13. Qxc6 dxc3 14. Nc4 bxc4
15. Bxg5 Bd5 16. Rad1 Bxc6 17. Rxd8+ Kb7 18. Bxc4 Bb5 19. Bxb5 axb5 20. Be3 Ne6
21. Re8 cxb2 22. Rb1 g6 23. Rxb2 Kc6 24. Rb8 b4 25. Bh6 Bxh6 26. Rxh8 Bg7 27.
Rxh7 Kb5 28. f4 c5 29. g4 c4 30. f5 c3 31. Rf2 Ng5 32. fxg6 Bxe5 33. Rh5 Bd4
34. Rxg5+ Kb6 35. Re5 fxg6 36. Ree2 Kc5 37. Kg2 Kc4 38. Rf3 Bg7 39. h4 Bh6 40.
g5 Bg7 41. Kg3 1-0

[Event "Gibtelecom Festival 2010 - Masters"]
[Site "Gibraltar ENG"]
[Date "2010.02.03"]
[Round "9.82"]
[White "Webster, Richard J"]
[Black "Groffen, Hans"]
[Result "0-1"]
[WhiteElo "1961"]
[BlackElo "2150"]
[PlyCount "68"]
[EventDate "2010.01.26"]
[EventType "swiss"]
[EventRounds "10"]
[EventCountry "ENG"]
[Source "lmi"]
[SourceDate "2010.01.26"]

1. e4 e6 2. d4 d5 3. Nc3 Nf6 4. Bg5 Bb4 5. e5 h6 6. Bd2 Bxc3 7. bxc3 Ne4 8. Qg4
Kf8 9. Bd3 Nxd2 10. Kxd2 c5 11. Nf3 c4 12. Be2 b5 13. a3 Nc6 14. h4 a5 15. Qf4
Bd7 16. g4 Ke8 17. Rhg1 Qe7 18. g5 Kd8 19. gxh6 gxh6 20. Nh2 Kc7 21. Rg7 Raf8
22. Bh5 b4 23. axb4 axb4 24. Nf3 bxc3+ 25. Ke3 Qb4 26. Ne1 Qb2 27. Rd1 Nb4 28.
Rxf7 Rxf7 29. Qxf7 Nxc2+ 30. Nxc2 Qxc2 31. Qg6 Qb3 32. Rc1 c2+ 33. Ke2 Qb2 34.
Rxc2 Qxd4 0-1

[Event "Gibtelecom Festival 2010 - Masters"]
[Site "Gibraltar ENG"]
[Date "2010.02.03"]
[Round "9.83"]
[White "Lumsdon, Andrew"]
[Black "Jacobsen, Fredrik Beer"]
[Result "0-1"]
[WhiteElo "2090"]
[BlackElo "1952"]
[PlyCount "106"]
[EventDate "2010.01.26"]
[EventType "swiss"]
[EventRounds "10"]
[EventCountry "ENG"]
[Source "lmi"]
[SourceDate "2010.01.26"]

1. d4 g6 2. Nf3 f5 3. c4 Nf6 4. Nc3 Bg7 5. Bg5 O-O 6. h4 Qe8 7. Bxf6 Bxf6 8. e4
fxe4 9. Nxe4 d6 10. Be2 Bg4 11. Qd2 Bxf3 12. Bxf3 Nc6 13. Nxf6+ exf6+ 14. Be2
Qe4 15. O-O-O Nxd4 16. Bd3 Qxg2 17. Rhg1 Qf3 18. Qh6 Nf5 19. Rxg6+ hxg6 20.
Qxg6+ Kh8 21. Bxf5 Qf4+ 22. Kb1 Qxh4 23. Rd4 Qh1+ 24. Kc2 Rae8 25. Rd3 Re2+ 26.
Kb3 Rxf2 27. Rh3+ Qxh3+ 28. Bxh3 Rf3+ 29. Kb4 Rxh3 30. Qg2 Rh7 31. Ka3 f5 32.
Qxb7 Rh3+ 33. b3 f4 34. Qxc7 f3 35. Qxd6 Rf7 36. Qe5+ Kg8 37. Qe8+ Kg7 38. Qe5+
Rf6 39. Qg5+ Kf7 40. Qd5+ Kg6 41. Qg8+ Kf5 42. Qc8+ Re6 43. Qf8+ Ke4 44. c5
Rhh6 45. b4 a6 46. Kb3 Rhf6 47. Qh8 f2 48. Qh1+ Ke3 49. Qc1+ Ke2 50. Qc2+ Kf3
51. Qd1+ Kg3 52. Qf1 Re1 53. Qd3+ Rf3 0-1

[Event "Gibtelecom Festival 2010 - Masters"]
[Site "Gibraltar ENG"]
[Date "2010.02.03"]
[Round "9.84"]
[White "Jameson, David"]
[Black "Johnson, Paul A"]
[Result "1-0"]
[WhiteElo "2053"]
[BlackElo "1904"]
[PlyCount "133"]
[EventDate "2010.01.26"]
[EventType "swiss"]
[EventRounds "10"]
[EventCountry "ENG"]
[Source "lmi"]
[SourceDate "2010.01.26"]

1. c4 e5 2. Nc3 Nf6 3. g3 d5 4. cxd5 Nxd5 5. Qb3 c6 6. Bg2 Nxc3 7. bxc3 Nd7 8.
d4 Bd6 9. Nf3 O-O 10. O-O exd4 11. cxd4 Nf6 12. Re1 Re8 13. Ng5 Qc7 14. e4 h6
15. e5 hxg5 16. Bb2 Bf8 17. exf6 Be6 18. d5 Bxd5 19. Bxd5 cxd5 20. fxg7 Bxg7
21. Bxg7 Kxg7 22. Qxd5 f6 23. Rac1 Rxe1+ 24. Rxe1 Rd8 25. Qe6 Rd7 26. h4 gxh4
27. Qg4+ Kf8 28. Qxh4 Qd8 29. Qh6+ Kf7 30. Qh7+ Kf8 31. Qh8+ Kf7 32. Qh5+ Kf8
33. Qc5+ Kg8 34. Re4 Rh7 35. Kg2 Qd7 36. Qc4+ Kh8 37. Qe2 Qh3+ 38. Kf3 Qh5+ 39.
g4 Qh1+ 40. Kf4 Qc1+ 41. Qe3 Qc7+ 42. Kf5 Qd7+ 43. Re6 Rg7 44. Kf4 Kg8 45. Qb3
Kh8 46. Qh3+ Rh7 47. Qe3 Qc7+ 48. Kf5 Qa5+ 49. Kxf6 Qd8+ 50. Ke5 Qc7+ 51. Ke4
Qc4+ 52. Qd4+ Qxd4+ 53. Kxd4 Rd7+ 54. Ke3 Kg7 55. f4 Kf7 56. f5 Rd1 57. Kf4 Ra1
58. Re2 b5 59. Kg5 Rd1 60. Rh2 Kg8 61. Kg6 a5 62. f6 Rd6 63. Rc2 Rd8 64. Rc7
Rb8 65. Ra7 a4 66. Rg7+ Kf8 67. Rh7 1-0

[Event "Gibtelecom Festival 2010 - Masters"]
[Site "Gibraltar ENG"]
[Date "2010.02.03"]
[Round "9.87"]
[White "Pereira, Johnharry"]
[Black "Hamer, Martyn"]
[Result "0-1"]
[WhiteElo "1892"]
[BlackElo "2039"]
[PlyCount "94"]
[EventDate "2010.01.26"]
[EventType "swiss"]
[EventRounds "10"]
[EventCountry "ENG"]
[Source "lmi"]
[SourceDate "2010.01.26"]

1. d4 Nf6 2. c4 e6 3. Nf3 d5 4. Nc3 Be7 5. Bg5 O-O 6. e3 h6 7. Bh4 b6 8. Bd3
Bb7 9. O-O Nbd7 10. Rc1 c5 11. Qe2 Ne4 12. Bxe7 Qxe7 13. cxd5 exd5 14. Ba6 Ndf6
15. Qb5 Rfe8 16. dxc5 Bxa6 17. Qxa6 bxc5 18. Qd3 Red8 19. Rfe1 c4 20. Qd4 Rab8
21. Ne5 Rb6 22. Red1 Nxc3 23. Rxc3 Re8 24. Nf3 Rxb2 25. Rxc4 Rxa2 26. Ra4 Rxa4
27. Qxa4 Rb8 28. Qd4 a5 29. Ne5 Qc7 30. Nd3 Qb6 31. Nc5 Ne4 32. Nd3 Qxd4 33.
exd4 Nc3 34. Ra1 Rb1+ 35. Rxb1 Nxb1 36. Nb2 Nc3 37. Nd3 a4 38. Nc5 a3 39. Nb3
a2 40. Kf1 Nb5 41. Ke1 Nxd4 42. Na1 Nc6 43. Kd2 d4 44. Kc2 Nb4+ 45. Kb2 d3 46.
Nb3 Kf8 47. Kc3 Ke7 0-1

[Event "Gibtelecom Festival 2010 - Masters"]
[Site "Gibraltar ENG"]
[Date "2010.02.03"]
[Round "9.93"]
[White "Lochte, Szilvia"]
[Black "Kympergr, Vojtech"]
[Result "0-1"]
[WhiteElo "2032"]
[BlackElo "1599"]
[PlyCount "69"]
[EventDate "2010.01.26"]
[EventType "swiss"]
[EventRounds "10"]
[EventCountry "ENG"]
[Source "lmi"]
[SourceDate "2010.01.26"]

1. e4 e5 2. Nf3 Nc6 3. d4 exd4 4. Bc4 Na5 5. Qxd4 Nxc4 6. Qxc4 Qe7 7. Nc3 c6 8.
O-O Qc5 9. Qd3 Be7 10. e5 Qb4 11. Ne4 Kf8 12. a3 Qa5 13. Rd1 Qc7 14. Nd6 Bxd6
15. exd6 Qd8 16. Re1 f6 17. Nd4 g6 18. Qh3 c5 19. Nb5 Kf7 20. Nc7 Rb8 21. Re8
Qxe8 22. Nxe8 Kxe8 23. Qe3+ Kf7 24. Qxc5 b6 25. Qc7 Ra8 26. Bd2 f5 27. Re1 h6
28. Qd8 g5 29. Re8 Kg7 30. Be3 Bb7 31. Qxd7+ Kg6 32. Re6+ Kh5 33. Qxb7 Rd8 34.
Qf3+ Kh4 35. Qh3# 0-1

[Event "Gibtelecom Festival 2010 - Masters"]
[Site "Gibraltar ENG"]
[Date "2010.02.03"]
[Round "9.94"]
[White "Green, Per"]
[Black "Hagen, Anders Gjerdrum"]
[Result "1/2-1/2"]
[WhiteElo "1970"]
[BlackElo "2108"]
[PlyCount "79"]
[EventDate "2010.01.26"]
[EventType "swiss"]
[EventRounds "10"]
[EventCountry "ENG"]
[Source "lmi"]
[SourceDate "2010.01.26"]

1. Nf3 d5 2. d4 Nf6 3. c4 c6 4. e3 e6 5. b3 Nbd7 6. Bd3 Bd6 7. Bb2 O-O 8. Ne5
Nxe5 9. dxe5 Bb4+ 10. Ke2 Nd7 11. Nd2 b6 12. Nf3 Ba6 13. Qc2 h6 14. a3 Be7 15.
b4 Rc8 16. Rhd1 Qc7 17. Rac1 Bxc4 18. Bxc4 dxc4 19. Qxc4 c5 20. Qe4 Rfd8 21.
Nd2 Qb8 22. b5 Qa8 23. Qxa8 Rxa8 24. Nc4 Nf8 25. a4 Rxd1 26. Rxd1 Rd8 27. Rxd8
Bxd8 28. Bc3 Ng6 29. f4 Ne7 30. e4 Bc7 31. Ke3 g6 32. Be1 Nc8 33. Bh4 Kf8 34.
g4 Ke8 35. Be1 Bd8 36. Bc3 Kd7 37. Kd3 Bh4 38. Ke3 Bd8 39. h3 Bh4 40. Kf3
1/2-1/2

[Event "Gibtelecom Festival 2010 - Masters"]
[Site "Gibraltar ENG"]
[Date "2010.02.03"]
[Round "9.95"]
[White "Boesch, Heinz"]
[Black "Zanetti, Bruno"]
[Result "1/2-1/2"]
[WhiteElo "1948"]
[BlackElo "1978"]
[PlyCount "60"]
[EventDate "2010.01.26"]
[EventType "swiss"]
[EventRounds "10"]
[EventCountry "ENG"]
[Source "lmi"]
[SourceDate "2010.01.26"]

1. e4 c5 2. d4 cxd4 3. c3 dxc3 4. Nxc3 d6 5. Bc4 Nc6 6. Nf3 Nf6 7. e5 dxe5 8.
Qxd8+ Nxd8 9. Nxe5 a6 10. O-O Be6 11. Be2 g6 12. Bf3 Bg7 13. Re1 O-O 14. Be3
Nd7 15. Nxd7 Bxd7 16. Bc5 Nc6 17. Nd5 Rac8 18. Bxe7 Rfe8 19. Nf6+ Bxf6 20. Bxf6
Rxe1+ 21. Rxe1 Re8 22. Rxe8+ Bxe8 23. a3 Bd7 24. Kf1 Kf8 25. Ke2 Ke8 26. Kd3
Bf5+ 27. Kc4 Kd7 28. b4 Be6+ 29. Kc5 Kc7 30. Bxc6 bxc6 1/2-1/2

[Event "Gibtelecom Festival 2010 - Masters"]
[Site "Gibraltar ENG"]
[Date "2010.02.03"]
[Round "9.97"]
[White "Young, Mel J"]
[Black "De Lillo, Michele"]
[Result "0-1"]
[WhiteElo "1971"]
[BlackElo "1934"]
[PlyCount "44"]
[EventDate "2010.01.26"]
[EventType "swiss"]
[EventRounds "10"]
[EventCountry "ENG"]
[Source "lmi"]
[SourceDate "2010.01.26"]

1. e4 c5 2. Nc3 Nc6 3. f4 g6 4. Nf3 Bg7 5. Bc4 e6 6. f5 Nge7 7. fxe6 dxe6 8. d3
O-O 9. O-O a6 10. a4 b6 11. Qe1 Nd4 12. Nxd4 Bxd4+ 13. Kh1 Nc6 14. Bh6 Bg7 15.
Bxg7 Kxg7 16. Qg3 f6 17. Rf2 Ra7 18. Raf1 Qc7 19. Qh4 h5 20. Rxf6 Qe7 21. Rxg6+
Kxg6 22. Qxe7 Rxf1# 0-1

[Event "Gibtelecom Festival 2010 - Masters"]
[Site "Gibraltar ENG"]
[Date "2010.02.03"]
[Round "9.100"]
[White "Yarur Elsaca, Daniel"]
[Black "Carlsen, Ingrid Oen"]
[Result "0-1"]
[WhiteElo "1815"]
[BlackElo "1508"]
[PlyCount "140"]
[EventDate "2010.01.26"]
[EventType "swiss"]
[EventRounds "10"]
[EventCountry "ENG"]
[Source "lmi"]
[SourceDate "2010.01.26"]

1. e4 c5 2. c3 d5 3. exd5 Qxd5 4. d4 Nc6 5. Na3 cxd4 6. Nb5 Qd8 7. Nxd4 Nxd4 8.
cxd4 Nf6 9. Nf3 e6 10. Bd3 Bd6 11. O-O O-O 12. Bg5 h6 13. Bh4 Be7 14. Rc1 Nd5
15. Bxe7 Qxe7 16. Bb1 b6 17. Qd3 Nf6 18. Ne5 g6 19. Rfe1 Bb7 20. Qh3 Kg7 21.
Rc3 Rfd8 22. Qh4 Rac8 23. Rh3 Rh8 24. Qg3 Rcd8 25. Bxg6 fxg6 26. Nxg6 Qd6 27.
Ne5+ Kf8 28. Ng6+ Kg7 29. Ne5+ Kf8 30. Qg6 Qe7 31. Qg3 Qg7 32. Ng6+ Kf7 33.
Nxh8+ Qxh8 34. Qf4 Qg7 35. f3 Qg5 36. Qc7+ Rd7 37. Qc3 Nd5 38. Qc1 Qxc1 39.
Rxc1 Kg7 40. Rg3+ Kh7 41. Kf2 Nb4 42. Ke3 Nxa2 43. Ra1 Bd5 44. Kf4 Rf7+ 45. Ke5
Nb4 46. Kd6 Nc6 47. Rg4 Na5 48. b3 Nxb3 49. Re1 Nd2 50. Rxe6 Bxe6 51. Kxe6 Rc7
52. d5 Rc4 53. Rg3 Rd4 54. d6 Nc4 55. d7 Na5 56. Rg4 Rd2 57. f4 Nb7 58. Ke7 Rd4
59. g3 a5 60. h3 a4 61. f5 Rxg4 62. hxg4 a3 63. f6 a2 64. f7 a1=Q 65. f8=Q Qa3+
66. Ke8 Qxf8+ 67. Kxf8 b5 68. Ke7 b4 69. Ke6 b3 70. Kd5 b2 0-1

[Event "Gibtelecom Festival 2010 - Masters"]
[Site "Gibraltar ENG"]
[Date "2010.02.04"]
[Round "10.7"]
[White "Javakhishvili, Lela"]
[Black "Sandipan, Chanda"]
[Result "0-1"]
[WhiteElo "2493"]
[BlackElo "2622"]
[PlyCount "112"]
[EventDate "2010.01.26"]
[EventType "swiss"]
[EventRounds "10"]
[EventCountry "ENG"]
[Source "lmi"]
[SourceDate "2010.01.26"]

1. d4 d6 2. Nf3 f5 3. Nc3 Nf6 4. Bg5 d5 5. Bxf6 exf6 6. e3 Be6 7. Bd3 Nc6 8. a3
Qd7 9. b3 Bd6 10. Ne2 Ne7 11. h4 b6 12. c4 O-O 13. Qc2 c6 14. Nc3 Rac8 15. O-O
h6 16. cxd5 cxd5 17. Ba6 Rcd8 18. Bb5 Qb7 19. Qe2 g5 20. Ba6 Qd7 21. Bb5 Qc7
22. Rfc1 Qb8 23. Bd3 g4 24. Ne1 Ng6 25. h5 Nh8 26. Qc2 f4 27. e4 dxe4 28. Bxe4
f5 29. Bd5 Bxd5 30. Nxd5 Qb7 31. Qc6 Qg7 32. Qc4 Nf7 33. Nd3 g3 34. N3xf4 gxf2+
35. Kf1 Bxf4 36. Nxf4 Rxd4 37. Qc7 Re8 38. Ra2 Qg4 39. Re2 Rde4 40. Rxf2 Qg3
41. Ne2 Qg5 42. Qg3 Rg4 43. Qf3 Rh4 44. g4 Ne5 45. Qd5+ Kh8 46. Rxf5 Qe3 47.
Rc7 Nxg4 48. Qg2 Qd2 49. Kg1 Qe3+ 50. Kf1 Rh1+ 51. Qxh1 Qxe2+ 52. Kg1 Qd1+ 53.
Rf1 Qd4+ 54. Kg2 Ne3+ 55. Kh3 Qg4+ 56. Kh2 Qh4+ 0-1

[Event "Gibtelecom Festival 2010 - Masters"]
[Site "Gibraltar ENG"]
[Date "2010.02.04"]
[Round "10.10"]
[White "Kapnisis, Spyridon"]
[Black "Cheparinov, Ivan"]
[Result "0-1"]
[WhiteElo "2510"]
[BlackElo "2660"]
[PlyCount "110"]
[EventDate "2010.01.26"]
[EventType "swiss"]
[EventRounds "10"]
[EventCountry "ENG"]
[Source "lmi"]
[SourceDate "2010.01.26"]

1. e4 e5 2. Nf3 Nc6 3. Bc4 Bc5 4. c3 Nf6 5. d3 O-O 6. O-O d5 7. exd5 Nxd5 8.
Re1 Bg4 9. h3 Bh5 10. Nbd2 Nb6 11. Bb5 Bd6 12. Ne4 f5 13. Ng3 Bxf3 14. Qxf3 Qd7
15. Bxc6 bxc6 16. c4 Rae8 17. b3 Bc5 18. Qe2 e4 19. Bb2 e3 20. f4 Bd4 21. Bxd4
Qxd4 22. Rf1 Nd7 23. Rae1 Re6 24. Rf3 g6 25. Nf1 Rfe8 26. b4 Qc3 27. Rxe3 Rxe3
28. Nxe3 Qxb4 29. Kh2 Nc5 30. Rd1 Qc3 31. Qf3 Re6 32. Nf1 Qd4 33. Kh1 a5 34.
Kh2 a4 35. Rd2 Rd6 36. Ng3 Nxd3 37. Qe2 Kf7 38. c5 Rd5 39. a3 h5 40. h4 Qc4 41.
Nxh5 Qc3 42. Nf6 Qxf6 43. Rxd3 Qxh4+ 44. Kg1 Qxf4 45. Rxd5 cxd5 46. Qb5 Ke7 47.
Qc6 d4 48. Qxg6 Qc1+ 49. Kh2 Qxc5 50. Qg7+ Ke6 51. Qg8+ Ke5 52. Qe8+ Kd5 53.
Qg8+ Ke4 54. Qa8+ Ke3 55. Qe8+ Kf2 0-1

[Event "Gibtelecom Festival 2010 - Masters"]
[Site "Gibraltar ENG"]
[Date "2010.02.04"]
[Round "10.13"]
[White "Halkias, Stelios"]
[Black "Vernay, Clovis"]
[Result "1-0"]
[WhiteElo "2566"]
[BlackElo "2442"]
[PlyCount "111"]
[EventDate "2010.01.26"]
[EventType "swiss"]
[EventRounds "10"]
[EventCountry "ENG"]
[Source "lmi"]
[SourceDate "2010.01.26"]

1. c4 e5 2. Nc3 Nf6 3. Nf3 Nc6 4. e3 Be7 5. a3 h6 6. Qc2 a5 7. b3 O-O 8. Bb2 d6
9. Be2 Re8 10. O-O Bf8 11. d3 Bf5 12. Rac1 Nb8 13. Ne4 Nbd7 14. b4 c6 15. Bc3
axb4 16. axb4 Bg6 17. Ng3 b5 18. cxb5 cxb5 19. Qb3 Nh5 20. Ra1 Qc7 21. Nh4 Rxa1
22. Bxa1 Nxg3 23. fxg3 Kh7 24. Nxg6 fxg6 25. d4 Rb8 26. Qf7 Qd8 27. Bg4 Be7 28.
Bxd7 Qxd7 29. dxe5 Rf8 30. Qxg7+ Kxg7 31. e6+ Kg8 32. exd7 Rxf1+ 33. Kxf1 Kf7
34. g4 Ke6 35. Ke2 Kxd7 36. Bg7 d5 37. Bxh6 Bxb4 38. Kd3 Be7 39. Bg7 Ke6 40.
Bc3 Bd6 41. h3 Bg3 42. Ba5 Be5 43. Bb6 Bg3 44. Bd8 Be1 45. Bc7 Kd7 46. Bf4 Ke6
47. g3 b4 48. Kc2 d4 49. exd4 Kd5 50. Be5 g5 51. Kb3 Ke4 52. Kc4 Kf3 53. d5 b3
54. d6 Kg2 55. d7 Ba5 56. h4 1-0

[Event "Gibtelecom Festival 2010 - Masters"]
[Site "Gibraltar ENG"]
[Date "2010.02.04"]
[Round "10.15"]
[White "Cori Tello, Jorge"]
[Black "Malakhatko, Vadim"]
[Result "0-1"]
[WhiteElo "2483"]
[BlackElo "2549"]
[PlyCount "90"]
[EventDate "2010.01.26"]
[EventType "swiss"]
[EventRounds "10"]
[EventCountry "ENG"]
[Source "lmi"]
[SourceDate "2010.01.26"]

1. e4 e6 2. d4 d5 3. e5 c5 4. c3 Qb6 5. a3 Nc6 6. Nf3 Nh6 7. b4 cxd4 8. cxd4
Nf5 9. Bb2 Bd7 10. g4 Nh6 11. h3 f6 12. exf6 gxf6 13. Nc3 Nf7 14. Na4 Qc7 15.
Rc1 Qf4 16. Rc3 b6 17. Re3 Bh6 18. Bd3 Qd6 19. Re2 Ne7 20. Nc3 Rc8 21. Qb1 Qf4
22. Re3 Kf8 23. Rg1 Qb8 24. Re2 Bf4 25. Rc2 h5 26. gxh5 Rxh5 27. h4 Rh8 28. Ne2
Rxc2 29. Qxc2 Bd6 30. Kf1 Nh6 31. h5 Nhf5 32. Rh1 Qe8 33. h6 Rxh6 34. Rxh6 Nxh6
35. Ng3 Nhf5 36. Nxf5 Nxf5 37. Qe2 Qh5 38. Ng1 Qg5 39. Nf3 Qf4 40. Bc3 Qc1+ 41.
Qe1 Qxa3 42. Qd2 Ke8 43. Kg2 Kd8 44. Ne1 Ne7 45. Nc2 Qb3 0-1

[Event "Gibtelecom Festival 2010 - Masters"]
[Site "Gibraltar ENG"]
[Date "2010.02.04"]
[Round "10.18"]
[White "Ivanov, Stojan Emilov"]
[Black "Guliyev, Namig"]
[Result "0-1"]
[WhiteElo "2198"]
[BlackElo "2516"]
[PlyCount "104"]
[EventDate "2010.01.26"]
[EventType "swiss"]
[EventRounds "10"]
[EventCountry "ENG"]
[Source "lmi"]
[SourceDate "2010.01.26"]

1. Nf3 Nf6 2. d4 d5 3. c4 dxc4 4. e3 a6 5. Bxc4 e6 6. O-O Nbd7 7. Nc3 b5 8. Be2
Bb7 9. b3 Bd6 10. Bb2 O-O 11. Rc1 Qe7 12. a4 b4 13. Nb1 c5 14. Nbd2 Rac8 15.
Nc4 Bc7 16. Nfe5 Rfd8 17. Nxd7 Rxd7 18. Bf3 Nd5 19. Qe2 cxd4 20. Bxd4 f6 21. a5
Rcd8 22. Nb6 Nf4 23. exf4 Bxf3 24. Qxf3 Rxd4 25. g3 Rd3 26. Qb7 Bd6 27. Qxa6
Rxb3 28. Qc4 Ra3 29. f5 Rxa5 30. Nc8 Qe8 31. fxe6 Rc5 32. Nxd6 Rxc4 33. Nxe8
Rxc1 34. Nxf6+ gxf6 35. Rxc1 b3 36. Rb1 Rb8 37. Kf1 Kf8 38. f4 Ke7 39. f5 h5
40. Kg2 b2 41. g4 hxg4 42. Kg3 Rb4 43. Kh4 Kf8 44. Kh5 Kg7 45. Kh4 Kf8 46. Kh5
Ke7 47. Kh4 Ke8 48. Kh5 Ke7 49. h4 gxh3 50. Kg6 h2 51. Kg7 Rg4+ 52. Kh7 Rg1 0-1

[Event "Gibtelecom Festival 2010 - Masters"]
[Site "Gibraltar ENG"]
[Date "2010.02.04"]
[Round "10.19"]
[White "Houska, Jovanka"]
[Black "Edouard, Romain"]
[Result "1/2-1/2"]
[WhiteElo "2401"]
[BlackElo "2608"]
[PlyCount "128"]
[EventDate "2010.01.26"]
[EventType "swiss"]
[EventRounds "10"]
[EventCountry "ENG"]
[Source "lmi"]
[SourceDate "2010.01.26"]

1. d4 Nf6 2. Nf3 c5 3. d5 b5 4. Bg5 d6 5. Bxf6 exf6 6. e4 a6 7. a4 b4 8. Nbd2
g6 9. Bd3 Bg7 10. Nc4 Qc7 11. a5 Nd7 12. O-O O-O 13. Qc1 Ra7 14. c3 Re8 15. Rd1
Qb8 16. h3 Bb7 17. Qf4 Ne5 18. Nfxe5 fxe5 19. Qd2 bxc3 20. bxc3 Bf6 21. Rdb1
Bd8 22. Rb3 Bc7 23. Rab1 Qc8 24. Qe2 f5 25. Qc2 fxe4 26. Bxe4 Kg7 27. Bf3 Ba8
28. Be4 Qd8 29. Qa2 Qd7 30. f3 Qf7 31. Qd2 Qe7 32. Kh2 Qd8 33. Qa2 Qd7 34. g3
Rd8 35. h4 Qe8 36. Qc2 Kh8 37. Kg2 Qf7 38. Qd2 Rg8 39. Qg5 Kg7 40. Qd2 Kh8 41.
R3b2 Qe7 42. Qh6 Qf7 43. Qg5 Rf8 44. h5 gxh5 45. Ne3 Rg8 46. Qh6 Qg7 47. Qxh5
Bxa5 48. Rh1 Bxc3 49. Nf5 Qg5 50. Qxg5 Rxg5 51. Rb6 a5 52. Nxd6 Bd2 53. Bxh7
Rxh7 54. Nf7+ Kg7 55. Rxh7+ Kxh7 56. Nxg5+ Bxg5 57. d6 a4 58. d7 Bd5 59. Rd6
Bb3 60. d8=Q Bxd8 61. Rxd8 a3 62. Ra8 a2 63. Kf2 c4 64. Ke3 c3 1/2-1/2